00983 2200313 4500001002100000005001500021035002000036007000300056008004100059040002200100100009900122245008700221300003000308020002200338082001500360084001700375090002200392250002600414264003000440336002100470337003000491338002300521650000900544700003000553700003000583850001200613999002200625990002200647INLIS00000000087727120230316102033 a0010-0323000538ta230316s2022 yoi f ind d aYOPDYOGbinderda1 aLeks, Stefand1937-dLeks, Stefand1937-d1937-ePengarangePengarangeLeks, StefanePengarang10aMendalami kerahiman Allah /cStefan Leks; penyunting, Chris Subagya, Rosalia Retno avii, 175 halaman ;c19 cm a978-979-21-7359-804223a234.23 a234.23 LEK m aCB-D.11 2022-2655 aCetakan pertama: 202231aSleman :bKanisius,c2022 2rdacontentateks 2rdamediaatanpa perantara 2rdacarrieravolume 4aIman0 aChris SubagyaePenyunting0 aRosalia RetnoePenyunting aYOPDYOG aCB-D.11/2022-2655 aCB-D.11/2022-2655